00349pab a2200133 454500008004000000100002400040245005600064260000900120300001000129362000900139650001500148700001800163773003400181180718b1984 xxu||||| |||| 00| 0 eng d aKalra, Satish Kumar aQuality of work lifebA study of associated factors c1984 a341-9 aOct. aExecutives aSadhana Ghosh aIndian Journal of Social Work